|
|
|
|
| LEADER |
01238nam a2200277 i 4500 |
| 001 |
c000310162 |
| 003 |
CARM |
| 005 |
00000000000000.0 |
| 008 |
810107s1980 nyua b 10000 eng |
| 010 |
|
|
|a 80083085 //r862
|
| 019 |
1 |
|
|a 1893720
|5 LACONCORD2021
|
| 035 |
|
|
|a (OCoLC)7070382
|5 LACONCORD2021
|
| 050 |
0 |
0 |
|a QA76.6
|b .T8643
|
| 245 |
0 |
0 |
|a Tutorial on models and metrics for software management and engineering :
|b initially presented at COMPSAC80, the IEEE Computer Society's Fourth International Computer Software & Applications Conference, October 27-31, 1980 /
|c Victor R. Basili, [editor]
|
| 260 |
|
|
|a New York, N.Y. :
|b The Society,
|c c1980.
|
| 300 |
|
|
|a v, 343 p. :
|b ill. ;
|c 28 cm.
|
| 504 |
|
|
|a Bibliography: p. 343.
|
| 650 |
|
0 |
|a Computer programming.
|
| 650 |
|
0 |
|a Computer programming
|x Management.
|
| 700 |
1 |
|
|a Basili, Victor R.,
|d 1940-
|
| 711 |
2 |
0 |
|a COMPSAC
|d (1980 :
|c Chicago, Ill.)
|
| 740 |
0 |
|
|a Models and metrics for software management and engineering.
|
| 852 |
8 |
|
|b CARM
|h A3:AI05C0
|i F07615
|p 0474767
|f BK
|
| 082 |
0 |
4 |
|a 001.6425
|
| 999 |
f |
f |
|i 90791771-c7fb-581f-8932-c7fbb6b054c6
|s 8d4ea370-27e1-5f34-8876-625d529944b5
|
| 952 |
f |
f |
|p Can circulate
|a CAVAL
|b CAVAL
|c CAVAL
|d CARM 1 Store
|e F07615
|f A3:AI05C0
|h Other scheme
|i book
|m 0474767
|